[Event "ROM-ch U08 Girls"]
[Site "Calimanesti Caciulata"]
[Date "2019.04.21"]
[Round "8.9"]
[White "Apostu, Ana Maria"]
[Black "Mindreci, Andreea Gabriela"]
[Result "1-0"]
[WhiteElo "1088"]
[BlackElo "1001"]
[PlyCount "31"]
[EventDate "2019.04.15"]
[EventType "swiss"]
[EventRounds "9"]
[EventCountry "ROU"]
[SourceTitle "EXT 2024"]
[Source "ChessBase"]
[SourceDate "2023.10.10"]
[SourceVersion "1"]
[SourceVersionDate "2023.10.10"]
[SourceQuality "1"]

1. e4 e5 2. Nf3 Nc6 3. d4 exd4 4. Nxd4 Nxd4 5. Qxd4 Nf6 6. Nc3 c5 7. Qd2 c4 8. Bxc4 Bb4 9. 0-0 Bxc3 10. bxc3 Nxe4 11. Qd5 0-0 12. Qxe4 Re8 13. Qd3 d6 14. Qg3 h6 15. Bxh6 Kh8 16. Qxg7# 1-0

[Event "ROM-ch U08 Girls"]
[Site "Calimanesti Caciulata"]
[Date "2019.04.19"]
[Round "6.3"]
[White "David, Anisia Maria"]
[Black "Apostu, Ana Maria"]
[Result "1-0"]
[WhiteElo "1001"]
[BlackElo "1088"]
[PlyCount "101"]
[EventDate "2019.04.15"]
[EventType "swiss"]
[EventRounds "9"]
[EventCountry "ROU"]
[SourceTitle "EXT 2024"]
[Source "ChessBase"]
[SourceDate "2023.10.10"]
[SourceVersion "1"]
[SourceVersionDate "2023.10.10"]
[SourceQuality "1"]

1. d4 Nf6 2. Nf3 g6 3. Bf4 Bg7 4. h3 0-0 5. e3 Nd5 6. Bh2 Nc6 7. Be2 b6 8. c4 Nf6 9. 0-0 Bb7 10. Nc3 d5 11. cxd5 Nxd5 12. Nxd5 Qxd5 13. Bxc7 Rac8 14. Bh2 Na5 15. Rc1 h5 16. Ne1 h4 17. Bf3 Qd7 18. Bxb7 Qxb7 19. Nf3 Nc4 20. Qe2 b5 21. b3 Nd6 22. Nxh4 Nf5 23. Nxf5 gxf5 24. Qh5 Rc6 25. Rxc6 Qxc6 26. Qxf5 Rc8 27. Qc5 Qd7 28. Qa3 Qc6 29. Be5 b4 30. Qb2 Bxe5 31. dxe5 Kh8 32. e6+ f6 33. a3 Rg8 34. g3 bxa3 35. Qxa3 Rg7 36. Qxa7 Rg6 37. Qxe7 Rh6 38. Kh2 Qc8 39. Qd7 Qxd7 40. exd7 Kg7 41. d8Q Rh8 42. Qe7+ Kg6 43. Rd1 Rh7 44. Qe6 Rh6 45. Rd6 Kg7 46. g4 Rh7 47. f4 Rh6 48. Rd8 Rg6 49. Rg8+ Kh6 50. Rh8+ Kg7 51. Qg8# 1-0

[Event "ROM-ch U08 Girls"]
[Site "Calimanesti Caciulata"]
[Date "2019.04.15"]
[Round "1.1"]
[White "Apostu, Ana Maria"]
[Black "Gavriliuc, Victoria"]
[Result "1-0"]
[WhiteElo "1088"]
[BlackElo "1001"]
[PlyCount "33"]
[EventDate "2019.04.15"]
[EventType "swiss"]
[EventRounds "9"]
[EventCountry "ROU"]
[SourceTitle "EXT 2024"]
[Source "ChessBase"]
[SourceDate "2023.10.10"]
[SourceVersion "1"]
[SourceVersionDate "2023.10.10"]
[SourceQuality "1"]

1. e4 e6 2. d4 d5 3. Nd2 Nf6 4. e5 Nfd7 5. Bd3 Be7 6. Ne2 0-0 7. Nf3 c5 8. c3 b6 9. 0-0 Ba6 10. Bc2 c4 11. b3 Qc7 12. Re1 cxb3 13. axb3 Bxe2 14. Rxe2 Qxc3 15. Re1 Qxa1 16. Qd3 Qa6 17. Qxh7# 1-0